Listový hrot z včasnej doby bronzovej z Prešova

Bibliographic Details
Main Author: Kaminská, Ľubomíra, 1954- (Author)
Format: Article
Language:Slovak
PhysicalDescription:Fotogr., mp., obr., tab.
ISBN:8088709369
Subjects:

MARC

LEADER 00000nab a2200000 a 4500
001 vtls000767608
003 SK-MaSNL
005 20260426081632.0
008 250429c1998 xo 0 slo
015 |a SNBRA2001/09-25915 
035 |a CLN000119395 
035 |a urn:nbn:sk:snk-abm7o 
035 |a (urnnbn)urn:nbn:sk:snk:ar-a04e5c 
035 |a (uuid)b20838ec-c1ad-45f9-b393-19d20ae14433 
040 |a SNKBUCL  |b slo  |c SNKBUCL  |e AACR2 
041 0 |a slo 
044 |a xo  |c SK 
080 |a 903.21(437.6)"6373":902  |2 1997 
080 |a 902(437.6)  |2 1997 
100 1 |a Kaminská, Ľubomíra,  |d 1954-  |4 aut  |9 85818 
245 1 0 |a Listový hrot z včasnej doby bronzovej z Prešova  |c Ľubomíra Kaminská 
300 |b Fotogr., mp., obr., tab. 
504 |a Res. nem. 
650 0 7 |a archeologické nálezy  |2 SNKPH  |9 4975 
650 0 7 |a doba bronzová  |2 snkbucl  |9 79087 
650 0 7 |a listové hroty  |2 SNK  |9 1192374 
651 7 |a Prešov (Slovensko)  |2 snkbucl  |9 17347 
651 7 |a Slovensko  |2 snkbucl  |9 14231 
655 7 |a články zo zborníkov  |2 snkbucl  |9 166140 
773 0 |t Archeologické výskumy a nálezy na Slovensku v roku 1996  |d Nitra : Archeologický ústav Slovenskej akadémie vied, 1998  |g S. 93  |z 8088709369 
850 |a Slovenská národná knižnica 
852 |a Slovenská národná knižnica 
954 |a odborná, vedecká literatúra pôvodná (slovenská)  |2 lita 
958 |a article27 
958 |a SK 
958 |a OND 
958 |a EUIPO 
999 |c 2847639  |d 2849569